Music Quiz

Random Music or Singers Quiz

John Mellencamp Average Set Lists (1994-1998) Quiz Stats

 Plays Quiz not verified by Sporcle

Score 0/52 Timer 10:00
0 Plays Today
Hint Answer % Correct
1994Pink Houses
91.7%
1997Pink Houses
91.7%
1998Pink Houses
91.7%
1994Jack And Diane
87.5%
1997Jack And Diane
87.5%
1998Jack And Diane
87.5%
1994Small Town
70.8%
1994ROCK In The USA
70.8%
1994Hurts So Good
70.8%
1995Small Town
70.8%
1995ROCK In The USA
70.8%
1995Hurts So Good
70.8%
1997Small Town
70.8%
1997ROCK In The USA
70.8%
1997Hurts So Good
70.8%
1998Small Town
70.8%
1998ROCK In The USA
70.8%
1994Authority Song
66.7%
1995Authority Song
66.7%
1995Authority Song
66.7%
1997Authority Song
66.7%
1998Authority Song
66.7%
1994Rain On The Scarecrow
58.3%
1997Rain On The Scarecrow
58.3%
1998Rain On The Scarecrow
58.3%
1994Lonely Ol' Night
41.7%
Hint Answer % Correct
1994Paper In Fire
41.7%
1994Crumblin' Down
41.7%
1994Check It Out
41.7%
1995Paper In Fire
41.7%
1995Lonely Ol' Night
41.7%
1995Crumblin' Down
41.7%
1997Lonely Ol' Night
41.7%
1997Crumblin' Down
41.7%
1997Check It Out
41.7%
1998Lonely Ol' Night
41.7%
1994Wild Night
33.3%
1995Wild Night
33.3%
1997WIld Night
33.3%
1994I Need A Lover
25%
1995Gloria
16.7%
1997Key West Intermezzo
16.7%
1997Love And Happiness
12.5%
1994Dance Naked
8.3%
1994What If I Came Knocking
4.2%
1997What If I Came Knocking
4.2%
1998Your Life Is Now
4.2%
1994When Jesus Left Birmingham
0%
1995Cold Turkey
0%
1995Like A Rolling Stone
0%
1998Eden Is Burning
0%
1998I'm Not Running Anymore
0%

You're not logged in!

Compare scores with friends on all Sporcle quizzes.
OR
Log In

Show Comments

Extras

Top Quizzes Today


Score Distribution

Your Account Isn't Verified!

In order to create a playlist on Sporcle, you need to verify the email address you used during registration. Go to your Sporcle Settings to finish the process.

Report this User

Report this user for behavior that violates our Community Guidelines.

Details: